00687nam a2200217 a 450000100060000000300080000600500170001400800410003103500190007204000330009104100080012408200220013210000210015424500840017526000500025930000360030950400180034565000470036365000330041065000260044346226BD-RjUL20211209054126.0160801s1953 nyuab b 000 0 eng  a(BD-RjUL)46344 aDLCcFOdOCoLCdBD-RjULbeng aeng a331223bWOE 1953 aWoytinsky, W. S.10aEmployment and wages in the United States /cby W. S. Woytinsky and associates. aNew York :c1953.bThe twentieth century fund axxxii, 777 p. :bill. ;c26 cm. aInclude index 0aLabor and laboring classeszUnited States. 0aLabor supplyzUnited States. 0aWageszUnited States.